Fém- és fémoxidporok előállítása elektromos eróziós úton, elektrokémiai célú elektródok alapanyagának készítése, ill. fémet felhasználó szerves kémiai reakciók kivitelezése érdekében

Elmentve itt :
Bibliográfiai részletek
Szerző: Simkó Ferenc
További közreműködők: Mészáros Lajos (Témavezető)
Dokumentumtípus: Disszertáció
Megjelent: 1980
Kulcsszavak:Kémia
Tárgyszavak:
Online Access:http://doktori.ek.szte.hu/7312
LEADER 00828nta a2200205 i 4500
001 dokt7312
005 20220721165736.0
008 220721s1980 hu om 0|| hun d
040 |a SZTE Doktori Repozitórium  |b hun 
041 |a hun 
100 1 |a Simkó Ferenc 
245 1 0 |a Fém- és fémoxidporok előállítása elektromos eróziós úton, elektrokémiai célú elektródok alapanyagának készítése, ill. fémet felhasználó szerves kémiai reakciók kivitelezése érdekében  |h [elektronikus dokumentum] /  |c  Simkó Ferenc 
260 |c 1980 
502 |a Disszertacio 
650 4 |a kémiai tudományok 
650 4 |a Természettudományok 
650 4 |a Kémiai tudományok 
695 |a Kémia 
700 1 |a Mészáros Lajos  |e ths 
856 4 0 |u https://doktori.bibl.u-szeged.hu/id/eprint/7312/1/1980_simko_ferenc.pdf  |z Dokumentum-elérés